000 00627nam a22002417a 4500
003 UA-OsUOA
001 22250
007 ta
008 20031217b un ||||| |||| 00| 0 ukr d
100 _aСичивиця О. М.
090 _a1(091)
_bС41
942 _cBK
040 _aUA-OsUOA
_bukr
_cUA-OsUOA
_dUA-OsUOA
245 _aОсновні парадигми філософії історії
_bКонспект лекцій з спецкурсу
300 _a80 с.
955 _a0
041 _aukr
080 _a1(091)
260 _aЛьвів
_bЛЛІ
_c1993
044 _aUA
650 7 _2UDC
999 _c308466
_d308466